| 000 | 00463nam a2200169Ia 4500 | ||
|---|---|---|---|
| 008 | 230718s9999 xx 000 0 und d | ||
| 020 | _a9788131708286 | ||
| 041 | _aeng | ||
| 082 |
_a629.8 _bGHO |
||
| 100 |
_aGhosh S. _9112332 |
||
| 245 |
_aControl Systems _bTheory And Applications |
||
| 260 |
_c2011 _bPearson Education |
||
| 300 | _a612 | ||
| 365 |
_cRs. _b415.00 |
||
| 700 |
_aGhosh S. _9112332 |
||
| 906 |
_dO:0191809-Aug-2011B:252601-Aug-2011 _cETC _b207.5 |
||
| 999 |
_c328191 _d328191 |
||